000 01295nam a22003977a 4500
001 0003811
003 KOHA_MİRAKIL
005 20260207001348.0
007 ta
008 090415b2000 tu |||gr||||#||||0|tur |
020 _a9756707011
_c0,01
040 _aTR-BiSEU
_btur
_cTR-BiSEU
_erda
041 0 _atur
044 _ctu
050 _aHD2346
_b.G87 2000
100 1 _aGürol, Mehmet Ali.
245 1 _aTürkiye'de kadın girişimci ve küçük işletmesi:fırsatlar,sorunlar,beklentiler ve öneriler/
_cMehmet Ali Gürol ; Mehmet Ali Gürol.
264 1 _aAnkara :
_bAtılım Üniversitesi, 2000
_c2000
300 _a375 sayfa
336 _ametin
_btxt
_2rdacontent
337 _aaracısız
_bn
_2rdamedia
338 _acilt
_bnc
_2rdacarrier
490 1 _aAtılım Üniversitesi Yayın ;
_vno.2.
490 1 _aYayın ;
_vno.
490 1 _a1.
500 _aKaynakça var.
650 0 _aWomen--Owned business enterprises--Turkey.
_99258
650 0 _aSmall business--Turkey.
_99259
650 0 _aEntrepreneurship--Turkey.
_99260
650 0 _aWomen in business--Turkey.
_99261
650 0 _aWomen--Turkey--Economic conditions.
_99262
830 1 _aAtılım Üniversitesi Yayın ;
_vno.2.
_99263
830 1 _aYayın ;
_vno.
_91557
830 1 _a1.
_92570
942 _2lcc
_cBK
999 _c3795
_d3795